Word Ladder: Agatha Christie Novels Quiz Stats

 Plays Quiz Updated Mar 24, 2016

Challenge
Share
Tweet
Embed
Score 0/25 Timer 03:00
1 Play Today
Hint Answer % Correct
☠☠ A Pocket ____ of Rye ☠☠☠☠FULL☠☠
95.3%
There's 7 deadly ones of theseSINS
92.5%
A horse's or lion's hair styleMANE
91.5%
Candy ones are hung on the Xmas treeCANE
90.7%
To put intoFILL
89.8%
☠☠ Dead ____ Folly ☠☠☠☠MAN'S☠☠
89.6%
☠☠ They ____ to Baghdad ☠☠☠☠CAME☠☠
88.7%
Read after a person's deathWILL
88%
Font - Comic ____SANS
87.1%
Secret cypherCODE
85.6%
To move towardsCOME
84.8%
Not the front or backSIDE
80.9%
Paste of chopped meat, often liverPÂTÉ
80.1%
Hint Answer % Correct
Agent BanksCODY
79.3%
Mr Vicious, Mr James & Mr OwenSIDS
79.2%
Bake one in a pie for convicts?FILE
75.5%
☠☠ The ____ Horse ☠☠☠☠PALE☠☠
75.2%
MoundPILE
74.3%
Trickery or cunningWILE
72.2%
Lose brightnessFADE
71.1%
☠☠ ____ Little Pigs ☠☠☠☠FIVE☠☠
70.1%
☠☠ Postern of ____ ☠☠☠☠FATE☠☠
67.3%
1980s UK soul singerSADE
67.3%
☠☠ The ____ in the Library ☠☠☠☠BODY☠☠
63%
MarryWIVE
59.7%

Today's Daily Dose

You're not logged in!

Compare scores with friends on all Sporcle quizzes.
OR
Log In

You Might Also Like...

Show Comments

Extras

Top Quizzes Today


Score Distribution

Your Account Isn't Verified!

In order to create a playlist on Sporcle, you need to verify the email address you used during registration. Go to your Sporcle Settings to finish the process.

Report this User

Report this user for behavior that violates our Community Guidelines.

Details: